Presidents of Hungary - Statistics

General Stats
  • This quiz has been taken 65 times
    37 since last reset
  • The average score is 6 of 7
Answer Stats
Term President % Correct
2022–2024 Novák Katalin
100%
1990–2000 Göncz Árpád
97%
2012–2022 Áder János
93%
2024– Sulyok Tamás
80%
2010–2012 Schmitt Pál
77%
2005–2010 Sólyom László
77%
2000–2005 Mádl Ferenc
60%
No matching quizzes found
Score Distribution
Percent of People with Each Score
Percentile by Number Answered
Your Score History
You have not taken this quiz since the last reset